| 000 | 00404nam a22001457a 4500 | ||
|---|---|---|---|
| 082 | _aP-418(A) | ||
| 100 |
_aSGT Ghazanfar _948164 |
||
| 245 |
_aStudy of hydropower potential at Khanpur Dam _cSGT Ghazanfar, GC Asmat Ullah |
||
| 260 |
_aRisalpur _bMCE _c2009 |
||
| 300 | _axiv, 95 p: | ||
| 526 |
_a0 _b0 _c0 _dP_418A |
||
| 650 | _aProject | ||
| 700 |
_aLecturer Zulfiqar Ali Khan _948165 |
||
| 942 |
_2ddc _cBK |
||
| 999 |
_c551181 _d551181 |
||